| 000 | 00539nam a2200169 i 4500 | ||
|---|---|---|---|
| 001 | 70561 | ||
| 003 | ES-MaACL | ||
| 005 | 20230906170844.0 | ||
| 007 | t| | ||
| 008 | 040728s1977 sp ||||1| spa d | ||
| 100 | 1 |
_aGarcía de Vinuesa, Carlos. _954501 |
|
| 245 | 1 | 3 |
_aLa cooperación monetaria europea / _cpor Carlos García de Vinuesa. |
| 260 |
_a[Madrid] : _bInstituto de Estudios Fiscales, _c[1977] |
||
| 300 |
_a440 p. ; _c19 cm. |
||
| 710 | 2 |
_aInstituto de Estudios Fiscales (España) _9169207 |
|
| 852 |
_aES-MaACL _jL-731 _bR.101552 |
||
| 999 |
_c70561 _d70561 |
||